000
00225nam a2200109Ia 4500
005
20260328101453.0
008
260328s9999||||xx |||||||||||||| ||und||
245
0
_a
Di Alessi /
260
_b
----
300
_a
99 p.
942
_c
BK
999
_c
8756
_d
8756